000 00793 a2200193 4500
010 _aENG-88817
020 _c230.00
035 _aEN-72350
037 _bDBAD / PUB
082 1 4 _a530
090 _c9442
_d9442
100 1 _aAgarwal, D. K.
245 1 _aDisha's physics at your fingertips:
_cby D. K. Agarwal
_bultimate book for quick reference & revision (useful for :IIT/PMT/AIEEE and other Medial & Engg. entrance exams)/
260 _aNew Delhi
_bDisha Publications
_cn.d.
270 _aB-32, Basemant, Shivalik Main Road, Malviya Nagar,
_bNew Delhi
_e110 017
_maiets@rediffmail.com
_k011-26691021, 011-26691713
300 _a564 p.
_c24 cm. (Pbk).
942 _adpl
_cEN
_k530 / AGA
999 _c9269
_d9269